A mulher e o trabalho (Registo nº 199095)
[ vista simples ]
| 000 -Etiqueta do registo | |
|---|---|
| Valores | 00616nam 22002173 4500 |
| 021 ## - Número do Depósito Legal | |
| Código do país | Portugal |
| 100 ## - Dados gerais de processamento | |
| Dados gerais | 20251117d u||y0pory50 ba |
| 101 ## - Língua de publicação | |
| Língua | Português |
| 102 ## - País de publicação | |
| País | Portugal |
| 200 ## - Titulo e menção de responsabilidade | |
| Título próprio | A mulher e o trabalho |
| Informação de outro título | 1974/1984 |
| Primeira menção de responsabilidade | 2ª conferência da mulher trabalhadora |
| 210 ## - Publicação | |
| Local de publicação | [S.l.] |
| Nome do editor | Um de outubro |
| Data de publicação | 1985 |
| 215 ## - Descrição física | |
| Paginação / Volumes | 83 p. |
| Outras indicações físicas | brochado |
| Dimensões | 21 cm |
| 606 ## - Nome comum usado como assunto | |
| ID Autoridade | 6037 |
| Palavra de ordem | Trabalho. Emprego |
| 610 ## - Termos não controlados | |
| Palavra de ordem | Condições de trabalho--direitos |
| 675 ## - CDU | |
| Notação | 331 |
| Edição | PT |
| Língua | por |
| 710 ## - Autor principal (colectividade) | |
| ID Autoridade | 15000 |
| Nome da entidade | 2ª conferência da mulher trabalhadora |
| 801 ## - Fonte de origem | |
| País | PT |
| Agência | BMMN |
| Regras de catalogação | RPC |
| 830 ## - Notas gerais do catalogador | |
| Criado por | Ana |
| Indexado por | Ana |
| 990 ## - Elementos KOHA | |
| Tipo de documento | Livro |
| Situação do levantamento | Biblioteca de origem | Código de barras | Cota | Permissão de empréstimo | Tipo de documento | Forma de aquisição |
|---|---|---|---|---|---|---|
| Biblioteca Municipal de Montemor-o-Novo | 27838 | 331 CON|DEP | Livro | Compra |